000
00283nam a22001337a 4500
008
210301b ||||| |||| 00| 0 eng d
020
_a
0721637329
041
_a
eng
080
_2
7th
_a
616
100
_a
9
101
_a
PAT
245
_a
Basic Pathology
_c
Kumar,V
942
_2
udc
_c
BK
999
_c
55337
_d
55337